01337nam a2200253 a 450000100100000000500170001000800410002704000250006824501270009325000120022026000370023230000210026949000740029049000740036450400320043870000390047070000330050971001070054283000810064995201200073095201050085095201110095599900170106600004060520201002034239.0130903s2001 dr 000 0 spa d aDO-SdBNPbspacBNPHU00aGlosario de educación superior, ciencia y tecnología :bproyecto /ccompilación Rafael Emilio Bello, Gladys Almonte. a3a. ed. aSanto Domingo :bSEESCTT,c2001. a178 p. ;c21 cm.1 aPublicación de la Secretaría de Estado de Educación Superiorv41 aPublicación de la Secretaría de Estado de Educación Superiorv4 aBibliografía : p. 177-1781 aEmilio Bello, Rafaelecomp.9669421 aAmonte, Gladysecomp.9669432 aSecretaría de Estado de Educación Superior, Ciencia y Tecnología (República Dominicana)966944 0aPublicación de la Secretaría de Estado de Educación Superiorv4966945 001054708DSaGRbGRcHDd2015-06-05iLF1l0o p40605-30r2020-06-25te. 3w2020-06-25yLFDSZPréstamo en sala 0010718PDaPDbPDcHDd2013-09-03iLF1l0o p40605-10r2020-06-25w2020-06-25yLFPDZNo se presta 0010718PDaPDbPDcHDd2013-10-21iLF1l0o p40605-20r2020-06-25te. 2w2020-06-25yLFPDZNo se presta c40095d40095